Die Vertretung der wirthschaftlichen Interessen in den Staaten Europas

Gespeichert in:
Bibliographische Detailangaben
Format: Buch
Sprache:Deutsch
Veröffentlicht: Berlin J. Springer 1879
Tags: Tag hinzufügen
Keine Tags, Fügen Sie das erste Tag hinzu!

MARC

LEADER 00000nam a2200000 4500
001 0312465
005 20250926093036.2
041 0 |a ger 
044 |a DE 
245 1 0 |a Die Vertretung der wirthschaftlichen Interessen in den Staaten Europas  |c Richard Kaufmann 
264 1 |a Berlin  |b J. Springer  |c 1879